000 01444cab a2200457 4500
001 ABS54778
008 090401t1996 xxu||||| |||| 00| 0 eng d
035 _a(Sirsi) u12227
041 _aeng
245 _aInternational property
260 _c1996
350 _a0
490 _aInvestors Chronicle
_v115(1466) 8 March 1996, 45-52(7)
520 _aA global overview of property investment, assesses the growth in office vacancy rates, reviews retail and leisure markets, examines the Hong Kong investment market prior to the 1997 handover to China and the rebuilding of Lebanon after the 16-year civil war.
650 _aASIA
650 _aBINGO HALLS
650 _aPROPERTY-COMMERCIAL PROPERTY
650 _aCZECH REPUBLIC
650 _aEASTERN EUROPE
650 _aEUROPE
650 _aFAR EAST
650 _aHONG KONG
650 _aHUNGARY
650 _aINDUSTRIAL MARKET
650 _aINVESTMENT MARKET
650 _aLEBANON
650 _aLEISURE
650 _aMIDDLE EAST
650 _aMULTIPLEXES
650 _aNORTH AMERICA
650 _aPROPERTY-COMMERCIAL PROPERTY-OFFICE PROPERTY-OFFICE PROPERTY MARKET
650 _aPOLAND
650 _aPROPERTY-COMMERCIAL PROPERTY-RETAIL PROPERTY-RETAIL PROPERTY MARKET
650 _aTURKEY
650 _aVACANCY RATES
650 _aWALL STREET
690 _aPROPERTY-COMMERCIAL PROPERTY
690 _aOVERSEAS
942 _n0
948 _c04/03/1997
999 _c7827
_d7827